Evolución histórica y geográfica del derecho de aguas, y su papel en el manejo y desarrollo de los recursos hídricos

保存先:
書誌詳細
第一著者: Cano, Guillermo J (著者)
フォーマット: 図書
言語:スペイン語
出版事項: Valencia Asociación Internacional de Derecho de Aguas 1975
シリーズ:AIDA, 4
主題:
タグ: タグ追加
タグなし, このレコードへの初めてのタグを付けませんか!

MARC

LEADER 00000nam a2200000 a 4500
001 UCK5011
003 CL-VaPUC
008 050708e19750900SP |||||||||||||||||spa|d
082 0 4 |a 346.046  |b CAN  |2 21 
100 0 |a Cano, Guillermo J  |e author  |9 493683 
245 1 0 |a Evolución histórica y geográfica del derecho de aguas, y su papel en el manejo y desarrollo de los recursos hídricos 
300 |a 27 p 
942 |c BK 
945 |d 20050708 00:00:00  |a cmena 
260 |a Valencia  |b Asociación Internacional de Derecho de Aguas  |c 1975 
650 0 |a Derecho de aguas  |9 257148 
650 0 |a Recursos hídricos  |9 346690 
650 0 |a Aprovechamiento de aguas  |9 368432 
583 |a last modification  |c 20050708 00:00:00  |k Rodrigo Vera 
490 0 |a AIDA, 4 
999 |c 313707  |d 313705 
952 |0 0  |1 0  |2 ddc  |4 0  |6 346_046000000000000_CAN_1975  |7 0  |8 A  |9 385195  |a BIBDER  |b BIBDER  |d 2019-11-22  |i 4120574  |o 346.046 CAN 1975  |p 4120574  |r 2023-01-25  |w 2019-11-22  |y MX  |k DER